00322nam a2200121Ia 4500008004100000020001500041041001200056100001400068245005500082260004000137300000900177650001400186221030s9999 xx 000 0 und d a8131722824 aEnglish aR. Lafore 0aObject - Oriented Programming in C++cby R. Lafore bPearson EducationaNew Delhic2012 a1012 aComputers